00778nam a22001937a 4500003000900000008004100009040007100050082002000121245007200141260005200213300004400265440003400309505011900343650002400462650001500486650001300501700003600514700003400550AR-CdUCM190425b ||||| |||| 00| 0 spa d aMUNICIPALIDAD PROVINCIAL DEL CUSCOcBIBLIOTECA MUNICIPAL DEL CUSCO aSur/N°211/1991 aSur :bsemanario regional surandino /cGuido Delran Cousy, Director aCusco.bCentro Bartolomé de las Casas,c1991. a8 páginas. :bilustraciones ;c29 cm. aSur.nAño XIV, N°211,1991. aContenido: Refacturación y pago fraccionado de recibos por servicio eléctrico. -- Tradición oral Chaski. ... aSociedad cusqueña aPolítica aSiglo XX aValderrama Fernández, Ricardo aEscalante Gutiérrez, Carmen